000 00435cam a2200193ua 4500
001 8886
008 150218n ii |||gr||||Z||||||eng
020 _a8121905095
040 _cMAIN
041 _aeng
082 _a822.33
100 _aTurner, W.,
_eEditor.
245 1 _aOthelo
_cEdited by W. Turner
250 _a1st.
260 _aNew Delhi:
_bS. Chand,
_c1994.
300 _alxxv,352p.
653 _aEnglish drama
942 _cBK
999 _c7980
_d7980